000 005780000a22001810004500
003 MACL
005 20160610152010.0
008 160610b xxu||||| |||| 00| 0 eng d
040 _aMACL
_cMACL
041 _aHindi
082 _a910
100 _aडॉ शर्मा, ब्रहादेव
_963515
245 _aपगडंडी और राजपथ
_cडॉ ब्रहादेव शर्मा
260 _bप्रकाशन संस्‍थान
_c1995
_aदिल्‍ली
350 _a70
650 _aTravel
_963914
942 _cHIN
_k910
_2ddc
999 _c29900
_d29900